Men and machines
Gardado en:
| Autor Principal: | |
|---|---|
| Formato: | Libro |
| Idioma: | Undetermined |
| Publicado: |
New York
The Macmillan Company
1929
|
| Những chủ đề: | |
| Các nhãn: |
Engadir etiqueta
Sen Etiquetas, Sexa o primeiro en etiquetar este rexistro!
|
| Thư viện lưu trữ: | Trung tâm Học liệu Trường Đại học Cần Thơ |
|---|
| LEADER | 00520nam a2200181Ia 4500 | ||
|---|---|---|---|
| 001 | CTU_218784 | ||
| 008 | 210402s9999 xx 000 0 und d | ||
| 082 | |a 620.82 | ||
| 082 | |b C487 | ||
| 100 | |a Chase, Stuart | ||
| 245 | 0 | |a Men and machines | |
| 245 | 0 | |c Stuart Chase | |
| 260 | |a New York | ||
| 260 | |b The Macmillan Company | ||
| 260 | |c 1929 | ||
| 650 | |a Hệ thống máy nhân lực.,Human-machine systems. | ||
| 904 | |i Thủy Vy, Tuyến | ||
| 980 | |a Trung tâm Học liệu Trường Đại học Cần Thơ | ||